000 00301nam a2200121Ia 4500
008 190216s9999||||xx |||||||||||||| ||und||
100 _aMordkovich A G
245 0 _aEnglish Idioms And How To Use Theme
260 _bOxford University Press
_c1987
300 _a350p
650 _aEnglish
942 _cBK
999 _c12369
_d12369